Rap FR Albums - Statistiques

Statistiques générales
  • Ce quiz a été pris 654 fois
  • Le résultat moyen est 8 sur 20
Statistiques - réponses
album date rappeur % Correct
or noir 2013 kaaris
97%
Xeu 2018 vald
87%
my world 2015 Jul
82%
ERRR 2021 La Fève
64%
la fausse aux lions 2018 kalash criminel
62%
Raw-Z 2018 laylow
60%
l'affranchi 2019 Koba laD
58%
Pure 2018 Maes
50%
Expansion 2019 Nekfeu
46%
Rien à branler 2018 Lorenzo
45%
Omega 2019 Oboy
34%
S/O Le Flem 2020 Django
32%
Movie tape 2020 Ashe 22
19%
prose combat 1994 MC solaar
19%
nuit 2018 Jazzy bazz
18%
cactus de sibérie 2004 oxmo puccino
18%
Une vie et quelques 2021 Hugo tsr
9%
Le Futur 2020 Benjamin Epps
2%
fantasy épisode 1 2004 Casseurs flowters
2%
PREVAIL 2020 Kapri
0%
Aucun quiz correspondant
Distribution des résultats
% des personnes avec chaque résultat
Percentile par nombre de réponses
Votre historique - résultats
Vous n’avez pas pris ce quiz